000 00873nam a2200253 i 4500
001 36462
003 ES-MaACL
005 20251118180737.0
007 t|
008 030218s1962 sp ||||1| spa d
080 _a334.73
100 1 _aBrot, Marcel.
_931940
245 1 0 _aDemocracia cooperativa /
_cMarcel Brot. Las cooperativas y el estado / J. Ventosa y Roig ; notas preliminares y traducción del primer texto por Alberto Pérez Baró.
260 _a[Barcelona :
_bs.n.,
_c1962]
300 _a87 p. ;
_c16 cm.
500 _aBiblioteca Juan Andrade.
650 1 4 _aCooperativas.
_911353
700 1 _aVentosa i Roig, Joan (
_d1883-1961)
_9113912
700 1 _aPérez Baró, Albert,
_d1902-1989
_990657
740 4 _aLas cooperativas y el estado.
852 _aES-MaACL
_jF-3673
_bR.51260
852 _aES-MaACL
_jAND-Fol-1
_bR.110280
999 _c36462
_d36462